[Event "Hamburg-chA"]
[Site "Hamburg"]
[Date "2018.05.26"]
[Round "6"]
[White "Priess, Holger"]
[Black "Hoffmann, Boris"]
[Result "1/2-1/2"]
[WhiteElo "1663"]
[BlackElo "1607"]
[PlyCount "29"]
[EventDate "2018.05.19"]
[EventType "swiss"]
[EventRounds "7"]
[EventCountry "GER"]
[SourceTitle "EXT 2020"]
[Source "ChessBase"]
[SourceDate "2019.10.17"]
[SourceVersion "1"]
[SourceVersionDate "2019.10.17"]
[SourceQuality "1"]

1. e4 c5 2. Nc3 Nc6 3. Bc4 e6 4. d3 Nf6 5. Nf3 d6 6. 0-0 Be7 7. Re1 0-0 8. a3 a6 9. Rb1 b5 10. Ba2 Rb8 11. b4 cxb4 12. axb4 Bb7 13. d4 d5 14. e5 Nd7 15. Ba3 1/2-1/2

[Event "Hamburg-chA"]
[Site "Hamburg"]
[Date "2018.05.23"]
[Round "4"]
[White "Sharma, Rishi"]
[Black "Hoffmann, Boris"]
[Result "0-1"]
[WhiteElo "1769"]
[BlackElo "1607"]
[PlyCount "77"]
[EventDate "2018.05.19"]
[EventType "swiss"]
[EventRounds "7"]
[EventCountry "GER"]
[SourceTitle "EXT 2020"]
[Source "ChessBase"]
[SourceDate "2019.10.17"]
[SourceVersion "1"]
[SourceVersionDate "2019.10.17"]
[SourceQuality "1"]

1. Nf3 d5 2. c4 c6 3. e3 e6 4. b3 Nf6 5. Bb2 Bd6 6. Be2 Nbd7 7. Nd4 0-0 8. f4 Re8 9. 0-0 Nf8 10. Nf3 Qc7 11. Ne5 N8d7 12. d4 Ne4 13. Nc3 Ndf6 14. Rc1 Qe7 15. c5 Bc7 16. b4 Nxc3 17. Bxc3 Ne4 18. Be1 f6 19. Nd3 Bd7 20. Bh5 Rf8 21. Nf2 Nxf2 22. Bxf2 a5 23. a3 axb4 24. axb4 Ra2 25. Ra1 Rfa8 26. Rxa2 Rxa2 27. Qb3 Ra8 28. Bf3 Be8 29. Re1 Bg6 30. b5 cxb5 31. g3 Be8 32. e4 dxe4 33. Rxe4 Bf7 34. Qxb5 f5 35. Re3 Qf6 36. Qxb7 Ra1+ 37. Kg2 Ba5 38. c6 Qxd4 39. Re1 0-1

[Event "Hamburg-chA"]
[Site "Hamburg"]
[Date "2018.05.19"]
[Round "1"]
[White "Hoffmann, Boris"]
[Black "Raedisch, Peter"]
[Result "1-0"]
[WhiteElo "1607"]
[BlackElo "1607"]
[PlyCount "91"]
[EventDate "2018.05.19"]
[EventType "swiss"]
[EventRounds "7"]
[EventCountry "GER"]
[SourceTitle "EXT 2020"]
[Source "ChessBase"]
[SourceDate "2019.10.17"]
[SourceVersion "1"]
[SourceVersionDate "2019.10.17"]
[SourceQuality "1"]

1. e4 e5 2. Nf3 Nc6 3. Bb5 Bc5 4. c3 Qe7 5. 0-0 Nf6 6. d3 Ng4 7. Bxc6 dxc6 8. Qe2 a6 9. Nbd2 Bd7 10. Nc4 0-0-0 11. b4 Ba7 12. a4 h5 13. Ba3 Qf6 14. Bc1 Rdg8 15. Be3 Nxe3 16. fxe3 Bg4 17. Qd2 Bxf3 18. Rxf3 Qe6 19. Na3 g5 20. b5 g4 21. Rf5 Qh6 22. Nc2 Qe6 23. Raf1 Rg7 24. Rf6 Qb3 25. bxc6 h4 26. cxb7+ Kxb7 27. Nb4 a5 28. Nd5 g3 29. h3 Rhh7 30. c4 Qxa4 31. Qb2+ Kc8 32. Qxe5 Qd7 33. Rb1 Rh8 34. Ne7+ Kd8 35. Nc6+ Qxc6 36. Rxc6 Bxe3+ 37. Kf1 Bb6 38. Qxg7 Re8 39. c5 Kd7 40. Qxf7+ Re7 41. Qd5+ Ke8 42. cxb6 Rf7+ 43. Qxf7+ Kxf7 44. bxc7 Ke7 45. Rb7 a4 46. c8Q# 1-0

[Event "Hamburg-ch qual"]
[Site "Hamburg"]
[Date "2003.11.09"]
[Round "5.16"]
[White "Hoffmann, Boris"]
[Black "Marquardt, Rolf"]
[Result "0-1"]
[WhiteElo "1529"]
[BlackElo "1829"]
[PlyCount "130"]
[EventDate "2003.10.18"]
[EventType "swiss"]
[EventRounds "7"]
[EventCountry "GER"]
[EventCategory "1"]
[SourceTitle "CBM 097 Extra"]
[Source "ChessBase"]
[SourceDate "2004.01.13"]
[SourceVersion "1"]
[SourceVersionDate "2004.01.13"]
[SourceQuality "1"]

1. d4 Nf6 2. e3 d5 3. Bd3 Bg4 4. Nf3 Nbd7 5. Nbd2 e5 6. dxe5 Nxe5 7. Be2 Ned7 8. Nd4 Bxe2 9. Qxe2 Bc5 10. N2f3 a6 11. a3 0-0 12. 0-0 Re8 13. Nf5 g6 14. Ng3 Bd6 15. b3 Ne5 16. Bb2 Nxf3+ 17. Qxf3 Be5 18. Bxe5 Rxe5 19. Rfd1 Qe7 20. a4 c6 21. Rd4 Re8 22. Rad1 Kg7 23. Ne2 Ne4 24. Ng3 Ng5 25. Qe2 Ne4 26. Nxe4 Rxe4 27. Rxe4 Qxe4 28. Qd3 Qe6 29. Qd4+ f6 30. Qf4 Re7 31. Qd4 Kf7 32. Qh4 Kg7 33. Qd4 Kf8 34. Qb4 Kf7 35. Qh4 h5 36. Qd4 Qe5 37. h3 Ke6 38. Rd2 Qxd4 39. Rxd4 c5 40. Rd2 Rd7 41. f3 Rd6 42. Kf2 Ke5 43. e4 dxe4 44. Rxd6 Kxd6 45. fxe4 Ke5 46. Ke3 h4 47. a5 f5 48. exf5 Kxf5 49. Kf3 g5 50. c4 g4+ 51. Ke3 gxh3 52. gxh3 Ke5 53. Kd3 Kf4 54. Kd2 Kg3 55. Ke3 Kxh3 56. Kf3 Kh2 57. Kf2 h3 58. Kf1 Kg3 59. Kg1 Kf3 60. Kh2 Ke3 61. Kxh3 Kd3 62. Kg3 Kc3 63. Kf3 Kxb3 64. Ke3 Kxc4 65. Kd2 Kb3 0-1

[Event "Hamburg HSK DWZ op 1st"]
[Site "Hamburg"]
[Date "2002.09.29"]
[Round "4"]
[White "Maether, Stephan"]
[Black "Hoffmann, Boris"]
[Result "0-1"]
[WhiteElo "1240"]
[BlackElo "1460"]
[PlyCount "66"]
[EventDate "2002.09.??"]
[EventType "swiss"]
[EventRounds "5"]
[EventCountry "GER"]
[SourceTitle "EXT 2006"]
[Source "ChessBase"]
[SourceDate "2005.11.24"]
[SourceVersion "1"]
[SourceVersionDate "2005.11.24"]
[SourceQuality "1"]

1. e4 c5 2. d4 cxd4 3. c3 d3 4. Nf3 Nc6 5. Bf4 d6 6. h3 e5 7. Bg3 Nf6 8. Bxd3 Be6 9. Nbd2 Be7 10. 0-0 0-0 11. Be2 Qc7 12. Ng5 Bc8 13. Nb3 b6 14. Bh4 Nxe4 15. Nxe4 Bxh4 16. Bd3 f5 17. Ng3 g6 18. Bc4+ Kh8 19. Qd5 Bb7 20. Rad1 Ne7 21. Qxd6 Qxc4 22. Qxe5+ Bf6 23. Qd6 Rad8 24. Qa3 Qc6 25. f3 Qc7 26. Nh1 a6 27. Nd4 Bxd4+ 28. cxd4 Nd5 29. Rfe1 Rfe8 30. Rxe8+ Rxe8 31. Nf2 Qg3 32. Nd3 Ne3 33. Rd2 Bxf3 0-1